| 000 | 00720cam a2200253 4500 | ||
|---|---|---|---|
| 001 | 04870 | ||
| 003 | DO-SdBNP | ||
| 005 | 20230316132046.0 | ||
| 007 | 04870 | ||
| 008 | 080129s2007 mx | |||| 00 0 spa | ||
| 020 | _a9681903625 | ||
| 035 | _a | ||
| 040 |
_aBPMSU _bspa _cBPMSU _e |
||
| 082 |
_a808.81 _bT639a 2007 _222 |
||
| 245 | 0 | 0 |
_aTodos los amores : _bantología de poesía amorosa / _cselección y prólogo de Camen Boullosa |
| 250 | _a | ||
| 260 |
_aMéxico : _bAlfaguara, _c2007 |
||
| 300 |
_a158 p. ; _c22 cm |
||
| 590 | _6Inventariado, 2023/VM | ||
| 650 | 4 |
_aPoesías amorosa _vColecciones |
|
| 700 | 1 |
_aBoullosa, Carmen _d1954- |
|
| 910 | _aVMateo V. Control de calidad (BPMSU) | ||
| 942 |
_2ddc _cBK |
||
| 999 |
_c10796 _d10796 |
||